Movies Quiz

Random Movies or Automobiles Quiz

Movies by Car Quiz Stats

Quiz Updated Jul 17, 2012

Also try: TV Shows by Car
Challenge
Share
Tweet
Score 0/20 Timer 05:00
1 Play Today
Car # Movie/TV Show % Correct
Back to the Future
95%
Batman
94.8%
Scooby Doo
91.9%
Ghost Busters
83.3%
Dumb & Dumber
72%
James Bond Movies
66.4%
Transformers
66%
The Love Bug
64.1%
Little Miss Sunshine
63.4%
Speed Racer
62.7%
Car # Movie/TV Show % Correct
Ferris Bueller's Day Off
61.1%
Thelma & Louise
56.9%
National Lampoon's Vacation
56%
Chitty Chitty Bang Bang
54.8%
The Fast and the Furious
50.1%
Talladega Nights: The Ballad of Ricky Bobby
45.2%
Wayne's World
44.7%
Smokey and the Bandit
31%
Gone in 60 Seconds
28.3%
The Big Lebowski
10.8%

You're not logged in!

Compare scores with friends on all Sporcle quizzes.
Sign Up with Email
OR
Log In

You Might Also Like...

Show Comments

Extras

Top Quizzes Today


Score Distribution

Your Account Isn't Verified!

In order to create a playlist on Sporcle, you need to verify the email address you used during registration. Go to your Sporcle Settings to finish the process.